| 000 | 00585nam a2200217Ia 4500 | ||
|---|---|---|---|
| 003 | BUBTL | ||
| 008 | 151213s9999 xx 000 0 und d | ||
| 041 | _aEinglish | ||
| 082 | _a346/ C4595c/ 2005 | ||
| 100 |
_aChowdhury, Obaidul Huq _92060 |
||
| 245 |
_aThe Hand Book of Muslim Family Laws (DLR) / _bObaidul Huq Chowdhury's |
||
| 250 | _a6th ed | ||
| 260 |
_aDhaka : _bEsrarul Huq Chowdhury _cc2005. |
||
| 300 |
_a420 p. : _c25 cm. |
||
| 526 | _aLaw | ||
| 650 | _aLaw | ||
| 650 | _aLaw | ||
| 856 |
_k0 _l0 _yDownload |
||
| 942 |
_2ddc _cBK |
||
| 999 |
_c4031 _d4031 |
||